000 00625cam a2200193 4500500
005 20260405003005.0
041 _afre
042 _adc
100 1 0 _aLegros, Martin
_eauthor
245 0 0 _aCécile de France, Charles Stépanoff. Chamanes, les chasseurs d’invisible
260 _c2019.
500 _a7
690 _aCécile de France
690 _aChamane
690 _aChamanisme
690 _aCharles Stépanoff
786 0 _nPhilosophie magazine | 134 | 11 | 2019-11-01 | p. 12-14 | 1951-1787
856 4 1 _uhttps://shs.cairn.info/magazine-philosophie-magazine-2019-11-page-12?lang=fr&redirect-ssocas=7080
999 _c2063271
_d2063271